STRENGTH OF MATERIALS; ភាពធន់ទ្រាំនៃសំភារៈបរិក្ខា (Record no. 8803)

000 -LEADER
fixed length control field 00310nam a22001217a 4500
040 ## - CATALOGING SOURCE
Transcribing agency SK
082 ## - DEWEY DECIMAL CLASSIFICATION NUMBER
Classification number 620
100 ## - MAIN ENTRY--AUTHOR NAME
Personal name NGO BUNTHAN
245 ## - TITLE STATEMENT
Title STRENGTH OF MATERIALS; ភាពធន់ទ្រាំនៃសំភារៈបរិក្ខា
260 ## - PUBLICATION, DISTRIBUTION, ETC. (IMPRINT)
Place of publication RUA
Name of publisher NGO
Year of publication 1997
300 ## - PHYSICAL DESCRIPTION
Number of Pages 150p.
942 ## - ADDED ENTRY ELEMENTS (KOHA)
Koha item type សៀវភៅភាសាខ្មែរ
952 ## - LOCATION AND ITEM INFORMATION (KOHA)
Withdrawn status [LOCAL, KOHA] 0
952 ## - LOCATION AND ITEM INFORMATION (KOHA)
Withdrawn status [LOCAL, KOHA] 0
952 ## - LOCATION AND ITEM INFORMATION (KOHA)
Withdrawn status [LOCAL, KOHA] 0
952 ## - LOCATION AND ITEM INFORMATION (KOHA)
Withdrawn status [LOCAL, KOHA] 0
952 ## - LOCATION AND ITEM INFORMATION (KOHA)
Withdrawn status [LOCAL, KOHA] 0
952 ## - LOCATION AND ITEM INFORMATION (KOHA)
Withdrawn status [LOCAL, KOHA] 0
952 ## - LOCATION AND ITEM INFORMATION (KOHA)
Withdrawn status [LOCAL, KOHA] 0
Holdings
Permanent Location Date acquired Koha item type Lost status Shelving location Barcode Current Location Full call number
Library Block C2016-08-16សៀវភៅភាសាខ្មែរ C239RUA061846Library Block C620 NGO 1997 C239
Library Block C2016-08-16សៀវភៅភាសាខ្មែរ C239RUA045340Library Block C620 NGO 1997 C239
Library Block C2016-08-16សៀវភៅភាសាខ្មែរ C239RUA44401Library Block C620 NGO 1997 C239
Library Block C2016-08-16សៀវភៅភាសាខ្មែរ C239RUA046776Library Block C620 NGO 1997 C239
Library Block C2016-08-16សៀវភៅភាសាខ្មែរ C239RUA062262Library Block C620 NGO 1997 C239
Library Block C2016-08-16សៀវភៅភាសាខ្មែរ C239RUA061786Library Block C620 NGO 1997 C239
Library Block C2016-08-16សៀវភៅភាសាខ្មែរ C239RUA045433Library Block C620 NGO 1997 C239
មជ្ឈមណ្ឌលឯការនៃសាកលវិទ្យាល័យភូមិន្ទកសិកម្មចំការដូង

Powered by Koha